Introduction to accountancy of finance

Bibliographic Details
Main Author: Briston, R. J. (Author)
Format: Book
Published: London : Macmillan , 1981
Subjects:

MARC

LEADER 00000cam a2200000 7i4500
001 0000005184
005 20040704093000.0
008 021118s1981
020 |a 0333301013 
090 0 0 |a HF5635   |b .B747 
100 0 |a Briston, R. J. ,   |e author 
245 1 0 |a Introduction to accountancy of finance   |c R. J. Briston ... [et al.] 
260 2 |a London :   |b Macmillan ,   |c 1981 
504 |a Includes index 
650 0 |a Accounting 
650 0 |a Finance 
999 |a 1000014041   |b Book   |c OPEN SHELF (30 DAYS)   |e Gong Badak Campus 
999 |a 1000014042   |b Book   |c OPEN SHELF (30 DAYS)   |e Gong Badak Campus